000 00486nam a2200193Ia 4500
001 21330
008 140408s9999 xx 000 0 und d
020 _a0-7674-0593-5
040 _cPK-LaUMT
082 _a 220
_bHAR-U
100 _aStephen L. Harris
245 _aUnderstanding the Bible
_cStephen L. Harris
250 _a5th
260 _aMountain View,USA:
_bMayfield Publishing Co.,
_c2000
300 _a610 p.
546 _aEN
650 _aBible-Introductions
942 _cBK
999 _c21643
_d21643